IB French Vocabulary - Statistics

General Stats
  • This quiz has been taken 53 times
    49 since last reset
  • The average score is 22 of 94
Answer Stats
Hint Answer % Correct
jamais never/ever
85%
j'étais i was
82%
je serai i will
82%
j'avais i had
68%
j'aurai i will have
65%
il y a rien there is nothing
56%
je pourrais i could
53%
je ferai i will do
50%
lettre letter
50%
puis/ensuite then
47%
enfin finally
41%
garde guard/keep/custody
41%
J'espère que la prochaine fois I hope next time
41%
gagner (regular) to win/to earn
41%
j'irai i'll go/i will go
38%
j'aurais i would have
38%
la pauvréte poverty
38%
en fait actually
35%
je devrais i should
35%
je serais i would be
35%
avoir raison to be right
35%
améliorer (regular) to improve/to enhance
35%
copié copied
32%
je pourrai i can
32%
je ferais i would do
32%
préjugé prejudice
32%
avoir faim to be hungry
32%
se souvenir (irregular) to remember
32%
courriel email
29%
cependant/pourtant however
29%
ainsi thus/as well as/thereby
29%
éviter (regular) to avoid/to prevent
29%
avoir soif to be thirsty
29%
combattre (regular) to fight against/to combat
29%
j'allais i was going
26%
j'irais i would go
26%
craindre (irregular) to fear
26%
manifester (regular) to protest/to demonstrate
26%
je faisais i was doing
24%
manifestation protest
24%
louer (regular) to praise/to rent
24%
soudain suddenly
21%
avoir tort to be wrong
21%
garder (regular) to keep/to maintain
21%
réussir (regular) to pass/to succeed
21%
un endroit a location
18%
bien que although
18%
actuellement currently
18%
la peine de mort death penalty
18%
discours speech
18%
avoir l'air to seem
18%
la tendance trend
18%
l'endotrinement indoctrination
15%
la laicité secularism
15%
le plus lentement slowly/slowest
15%
soutenir (irregular) to support
15%
attendre (regular) to wait
15%
tout à coup all of a sudden
12%
je devais i had to/i must do
12%
d'ailleurs moreover
12%
les émeutes riots
12%
avoir peur to be afraid
12%
avoir honte to be ashamed
12%
avoir sommeil to be sleepy
12%
grossir (regular) to gain weight/to put on weight
12%
je devrai i'll have to/ i will have to
9%
je voudrai i want to
9%
je voudrais i would like to
9%
tromper (regular) to decieve
9%
nier (regular) to deny
9%
une attente an expectation
6%
une occasion an opportunity
6%
un agenda diary
6%
onéreux expensive
6%
lourd onerous
6%
décevoir (irregular) to disappoint
6%
achever (irregular) to finish/ to end
6%
embaucher quelqu'un to hire someone/to employ someone
6%
maigrir (regular) to loose weight
6%
un préjudice a damage/harm
3%
un essal an attempt
3%
campagnes de sensibilition campaigns to raise awareness
3%
je pouvais i could of
3%
J'éviterais une dispute I'd avoid a fight
3%
il agit de it acts in
3%
il agirais it would act
3%
je voulais i wanted to
3%
le SMIC minimum wage
3%
soucies preoccupied
3%
consommer des substances nocives to consume dangerous substances
3%
avoir mal à to have trouble/to have something wrong
3%
le RMI unemployment benefits/benefits/social wellfare
3%
avoir envie de to be inclined to
0%
avoir besoin de to have the need to
0%
No matching quizzes found
Score Distribution
Percent of People with Each Score
Percentile by Number Answered
Your Score History
You have not taken this quiz since the last reset